UK Towns Quiz - Newport - Wales - Statistics

General Stats
  • This quiz has been taken 57 times
  • The average score is 3 of 8
Answer Stats
Clue Population Town % Correct
N 130,900 Newport
100%
C 7,326 Caerleon
57%
R 7,550 Rogerstone
46%
L 2,914 Langstone
34%
M 2,382 Marshfield
26%
C 835 Castleton
23%
U 2,133 Underwood
20%
P 730 Parc Seymour
17%
No matching quizzes found
Score Distribution
Percent of People with Each Score
Percentile by Number Answered
Your Score History
You have not taken this quiz